| 000 | 01138nam a2200181 4500 | ||
|---|---|---|---|
| 001 | 2240 | ||
| 005 | 20230410115907.0 | ||
| 008 | 060907n1997 dr spa | ||
| 035 | _9funglode2248 | ||
| 041 | _aFR | ||
| 050 | 1 | 4 | _aHQ 1511 N444f 1997 |
| 100 | _aNérestant, Micial | ||
| 245 | 1 | 3 |
_aLa femme haitienne devant la loi / _cMicial Nérestant |
| 260 |
_aParís : _bEditions Kathala, _c1997 |
||
| 300 | _a129 p. | ||
| 520 | _aLes traits de la culture patriarcale en orient et en occident, 23. -- La femme selon le code hammourabi, 23. -- L'influence de la culture patriarcale sur l'occident, 33. -- Emergence d'une ére nouvelle, 47. -- Situation féminine en milieu rural et urbain, 61. -- Premier constat : Plus de femmes que d'hommes, 61. -- L'exode fémenin, une planche de salut, 81. -- La législation haitienne de 1982 : Une porte ouverte ... l'émancipation de la femme, 93. -- L'éducation intégrale de la femme pour une vértable émancipation, 103. -- L'éducation ... la démocratie vraie, 109. -- Contribution des institutions religieuses, 113. -- Un meilleur encadrement des enfants, 117 | ||
| 942 |
_2lcc _cbk |
||
| 999 |
_c50016 _d50016 |
||